书目信息 |
| 题名: |
厂房结构统一化基本规则
|
|
| 作者: | ;中华人民共和国国家建设委员会 编 | |
| 分册: | ||
| 出版信息: | 北京 基本建设出版社 1956 |
|
| 页数: | 16页 | |
| 开本: | 20cm | |
| 丛书名: | ||
| 单 册: | ||
| 中图分类: | TU203 | |
| 科图分类: | ||
| 主题词: | 建筑设计 | |
| 电子资源: | ||
| ISBN: | ||
| 000 | 00715nam0 2200193 450 | |
| 001 | 0632525704 | |
| 005 | 20060424090543.06 | |
| 010 | @dCNY0.11 | |
| 100 | @a20060424d1956 km y0chiy0120 ea | |
| 101 | 0 | @achi |
| 200 | 1 | @a厂房结构统一化基本规则@Achang fang jie gou tong yi hua ji ben gui ze@e标准-105-56@f中华人民共和国国家建设委员会编@Fzhong hua ren min gong he guo guo jia jian she wei yuan hui bian |
| 210 | @a北京@c基本建设出版社@d1956 | |
| 215 | 1 | @a16页@d20cm |
| 517 | 1 | @a标准-105-56@Abiao zhun-105-56 |
| 606 | 0 | @a建筑设计 |
| 690 | @aTU203@v4 | |
| 711 | 0 | @a中华人民共和国国家建设委员会@Azhong hua ren min gong he guo guo jia jian she wei yuan hui@4编 |
| 801 | 0 | @aCN@bPFT@c20060424 |
| 905 | @a10447@dTU203@e11 | |
| 厂房结构统一化基本规则:标准-105-56/中华人民共和国国家建设委员会编.-北京:基本建设出版社,1956 |
| 16页;20cm |
| ISBN :CNY0.11 |
| ● |
| 相关链接 |
|
|
|
|
正题名:厂房结构统一化基本规则
索取号:TU203/11
 
预约/预借
| 序号 | 登录号 | 条形码 | 馆藏地/架位号 | 状态 | 备注 |
| 1 | 0018133 | 001481220 | 密集书库/ [索取号:TU203/11] | 在馆 |